| 000 | 00382nam a2200133Ia 4500 | ||
|---|---|---|---|
| 008 | 210430s9999 xx 000 0 und d | ||
| 020 | _a978-0-470-56541-4 | ||
| 082 | _a66.2832 F922 C | ||
| 100 |
_aGilbert F. Froment _954365 |
||
| 245 |
_aChemical Reactor Analysis and Design 3rd _cGilbert F. Froment |
||
| 260 |
_aBelgium _bJohn Wiley _c2011 |
||
| 300 | _a860 p | ||
| 942 |
_cBK _2ddc |
||
| 999 |
_c564930 _d564930 |
||